<?xml version="1.0" encoding="UTF-8"?>
<record
    xmlns:xsi="http://www.w3.org/2001/XMLSchema-instance"
    xsi:schemaLocation="http://www.loc.gov/MARC21/slim http://www.loc.gov/standards/marcxml/schema/MARC21slim.xsd"
    xmlns="http://www.loc.gov/MARC21/slim">

  <leader>01232    a2200205   4500</leader>
  <controlfield tag="001">59008</controlfield>
  <controlfield tag="005">20260407155844.0</controlfield>
  <controlfield tag="008">260407a1976    arg                 spa d</controlfield>
  <controlfield tag="003">AR-UNSa-BCEJYS</controlfield>
  <datafield tag="040" ind1=" " ind2=" ">
    <subfield code="a">AR-UNSa-BCEJYS</subfield>
    <subfield code="b">spa</subfield>
    <subfield code="c">AR-UNSa-BCEJYS</subfield>
  </datafield>
  <datafield tag="080" ind1=" " ind2=" ">
    <subfield code="a">339.13</subfield>
    <subfield code="x">Mercado en general. An&#xE1;lisis de mercado. Oferta y demanda. Competencia </subfield>
  </datafield>
  <datafield tag="245" ind1="1" ind2="0">
    <subfield code="a">Revisi&#xF3;n de la teor&#xED;a de la demanda</subfield>
  </datafield>
  <datafield tag="264" ind1=" " ind2="1">
    <subfield code="a">Buenos Aires :</subfield>
    <subfield code="b">Ediciones Macchi</subfield>
    <subfield code="c">1976</subfield>
  </datafield>
  <datafield tag="300" ind1=" " ind2=" ">
    <subfield code="a">50 p.</subfield>
    <subfield code="c">23 cm.</subfield>
  </datafield>
  <datafield tag="505" ind1=" " ind2=" ">
    <subfield code="a">1. Relaci&#xF3;n sistema empresa - sistema consumidor &#x2013; 2. Objetivo del beneficio m&#xE1;ximo &#x2013; 3. Enfoque de la orientaci&#xF3;n del mercado &#x2013; 4. Criterio de optimizaci&#xF3;n &#x2013; 5. Competencia multidimensional &#x2013; 6. Modelo simplificado - hip&#xF3;tesis de trabajo &#x2013; 7. Relaci&#xF3;n oferta &#x2013; demanda &#x2013; 8. Demanda primaria potencial &#x2013; 9. Tipo de b&#xFA;squeda primaria &#x2013; 10. Presi&#xF3;n log&#xED;stica de todas las marcas &#x2013; 11. La unidad perceptual &#x2013; 12. Ventajas diferenciales &#x2013; 13. La unidad perceptual optima &#x2013; 14. Presi&#xF3;n estrat&#xE9;gica de una marca &#x2013; 15.  &#xCD;ndice de invulnerabilidad &#x2013; 16. Motivaci&#xF3;n &#x2013; aceptaci&#xF3;n - lealtad</subfield>
  </datafield>
  <datafield tag="041" ind1=" " ind2=" ">
    <subfield code="a">spa</subfield>
  </datafield>
  <datafield tag="942" ind1=" " ind2=" ">
    <subfield code="c">BK</subfield>
  </datafield>
  <datafield tag="590" ind1=" " ind2=" ">
    <subfield code="a">niveau_biblio:m niveau_hierar:0</subfield>
  </datafield>
  <datafield tag="100" ind1="1" ind2=" ">
    <subfield code="a">Levy, Alberto R.</subfield>
  </datafield>
  <datafield tag="999" ind1=" " ind2=" ">
    <subfield code="c">6561</subfield>
    <subfield code="d">6561</subfield>
  </datafield>
  <datafield tag="952" ind1=" " ind2=" ">
    <subfield code="0">0</subfield>
    <subfield code="1">0</subfield>
    <subfield code="4">0</subfield>
    <subfield code="7">0</subfield>
    <subfield code="a">BCEJYS</subfield>
    <subfield code="b">BCEJYS</subfield>
    <subfield code="c">16</subfield>
    <subfield code="d">2026-04-07</subfield>
    <subfield code="l">0</subfield>
    <subfield code="o">339.13 L668</subfield>
    <subfield code="p">L13326</subfield>
    <subfield code="r">2026-04-07 15:58:44</subfield>
    <subfield code="w">2026-04-07</subfield>
    <subfield code="y">L</subfield>
  </datafield>
</record>
